| 000 | 03065cam a2200625 c 4500 | ||
|---|---|---|---|
| 001 | 632431369 | ||
| 003 | DE-627 | ||
| 005 | 20250428134426.0 | ||
| 007 | tu | ||
| 008 | 100729s2011 gw ||||| 00| ||ger c | ||
| 015 |
_a10,N30 _2dnb |
||
| 015 |
_a10,N30 _2dnb |
||
| 016 | 7 |
_a100493775X _2DE-101 |
|
| 020 |
_a9783868590937 _cGB. : EUR 42.00 |
||
| 024 | 3 | _a9783868590937 | |
| 035 | _a(DE-627)632431369 | ||
| 035 | _a(DE-576)328173142 | ||
| 035 | _a(DE-599)DNB100493775X | ||
| 035 | _a(OCoLC)730011191 | ||
| 035 | _a(OCoLC)699869674 | ||
| 040 |
_aDE-627 _bger _cDE-627 _erakwb _dDE-2950 |
||
| 041 | _ager | ||
| 044 | _cXA-DE-BE | ||
| 082 | 0 |
_a720 _qBSZ |
|
| 082 | 0 | 4 |
_a720 _qDNB |
| 084 |
_aLH 67774 _2rvk _0(DE-625)rvk/94689:158 |
||
| 084 |
_aZH 6530 _2rvk _0(DE-625)rvk/156225: |
||
| 084 |
_aLI 99999 _2rvk _0(DE-625)rvk/97471: |
||
| 084 |
_a56.82 _2bkl |
||
| 084 |
_a56.83 _2bkl |
||
| 084 |
_a56.63 _2bkl |
||
| 245 | 0 | 0 |
_aVom Kaufhaus zur Stadtgalerie: _bBauten für den Handel von Walter Brune/ _chrsg. von Holger Pump-Uhlmann |
| 264 | 1 |
_aBerlin: _bJovis Verl., _c2011 |
|
| 300 |
_a175 S.: _bIll., graph. Darst. _c24 x 31 cm |
||
| 336 |
_aunbewegtes Bild _bsti _2rdacontent |
||
| 337 |
_aohne Hilfsmittel zu benutzen _bn _2rdamedia |
||
| 338 |
_aBand _bnc _2rdacarrier |
||
| 500 | _aEngl. Ausg. u.d.T.: From Department Store to "Stadtgalerie" | ||
| 520 | _aWalter Brune, eine der großen deutschen Architekten- und Unternehmerpersönlichkeiten, prägte die Einzelhandelsarchitektur ganz entscheidend. In den 1950er Jahren begann seine langjährige Tätigkeit als Warenhausarchitekt für den Karstadt-Konzern. Mit dem Rhein-Ruhr-Zentrum in Mülheim baute er 1970 eines der ersten deutschen Shopping-Center. 1983-86 verwirklichte er mit der Kö-Galerie in Düsseldorf seine Idee für ein innenstadtverträgliches Einkaufszentrum in Form einer bis heute vorbildhaften "Stadtgalerie". Als Verfechter der Erhaltung lebendiger Innenstadtzonen unserer Städte kritisierte er von Beginn an überdimensionierte und nicht integrierte Einkaufscenter wegen ihrer negativen Auswirkungen auf die Stadtzentren. Die wichtigsten seiner Einzelhandelsbauten werden in diesem Band vorgestellt. Sie stehen beispielhaft für die Entwicklung der Einzelhandelsarchitektur in Deutschland in der zweiten Hälfte des 20. Jahrhunderts. (Verlagsinformation.) | ||
| 650 | 4 | _aGalerie | |
| 650 | 4 | _aKaufhaus | |
| 650 | 4 | _aWarenhaus | |
| 655 | 7 |
_aBildband _0(DE-588)4145395-5 _0(DE-627)104450835 _0(DE-576)209741139 _2gnd-content |
|
| 700 | 1 |
_aPump-Uhlmann, Holger _d1960- _eHrsg. _0(DE-588)123861780 _0(DE-627)085487619 _0(DE-576)182823792 _4edt |
|
| 700 | 1 |
_aBrune, Walter _d1926-2021 _0(DE-588)132372002 _0(DE-627)521913039 _0(DE-576)174954182 _4oth |
|
| 856 | 4 | 2 |
_uhttp://www.gbv.de/dms/weimar/toc/632431369_toc.pdf _mV:DE-601 _mB:DE-Wim2 _qpdf/application _yInhaltsverzeichnis _3Inhaltsverzeichnis |
| 936 | r | v | _aLH 67774 |
| 936 | r | v | _aZH 6530 |
| 936 | r | v | _aLI 99999 |
| 936 | b | k | _a56.82 |
| 936 | b | k | _a56.83 |
| 936 | b | k | _a56.63 |
| 942 |
_2z _cB |
||
| 951 | _aBO | ||
| 999 |
_c373746 _d373746 |
||